| Tag |
First Indicator |
Second Indicator |
Subfields |
| LEADER |
00000cam a2200000 4500 |
| 001 |
in00000060664 |
| 005 |
20151008050535.0 |
| 008 |
721116s1949 mau 00000 eng u |
| 010 |
|
|
|a 49011931
|
| 035 |
|
|
|a (OCoLC)00497550
|
| 035 |
|
|
|9 AAG1688AM
|
| 040 |
|
|
|c WSU
|d TXA
|d UtOrBLW
|
| 049 |
|
|
|a TXAM
|c [175378]
|
| 050 |
|
0 |
|a JC591
|b .J64
|
| 092 |
|
|
|a 323.443
|b J77p
|
| 100 |
1 |
|
|a Jones, Howard Mumford,
|d 1892-1980.
|
| 245 |
1 |
0 |
|a Primer of intellectual freedom.
|
| 264 |
|
1 |
|a Cambridge :
|b Harvard University Press,
|c 1949.
|
| 300 |
|
|
|a 191 pages
|
| 336 |
|
|
|a text
|b txt
|2 rdacontent
|
| 337 |
|
|
|a unmediated
|b n
|2 rdamedia
|
| 338 |
|
|
|a volume
|b nc
|2 rdacarrier
|
| 650 |
|
0 |
|a Freedom of speech
|z United States.
|
| 999 |
|
|
|a MARS
|
| 999 |
f |
f |
|s ebddc7cf-216c-3adb-ad9c-c5a89fc3641d
|i 8c58c75d-42fc-3257-a191-66bbf69b9184
|t 0
|
| 952 |
f |
f |
|p ric
|a Texas A&M University
|b Rellis Campus
|c Joint Library Facility
|d Remote Storage
|t 0
|e JC591 .J64
|h Library of Congress classification
|i unmediated -- volume
|m A14800667053
|
| 998 |
f |
f |
|a JC591 .J64
|t 0
|l Remote Storage
|